Départements français de 1 à 30 - Trouvez l'erreur - Statistiques

Statistiques générales
  • Ce quiz a été pris 42 fois
  • Le résultat moyen est 15 sur 31
Statistiques - réponses
Question Réponse % Correct
LES ARDENNES appartiennent à l'académie de Metz
100%
LES BOUCHES-DU-RHONE ont pour chef lieu Aix-en-Provence
100%
LA HAUTE-CORSE a pour préfecture Calvi
67%
LES HAUTES-ALPES a trois députés
67%
L'EURE-ET-LOIR a vu mourir Jeanne d'Arc
67%
LES ALPES-MARITIMES Carole Merle, skieuse, y est née
67%
LA CORSE DU SUD est bordée par la mer Adriatique
67%
LA DROME est voisine des Bouches-du-Rhône
67%
LES ALPES-DE-HAUTE-PROVENCE ont Manosque pour chef-lieu
67%
LE CANTAL On y parle la langue d'oil
67%
L'AUDE porte le code 12
67%
L'AVEYRON Sa commune la plus peuplée est Millau
67%
L'ARDECHE Un feuilleton célèbre s'est appelé Ardéchoix, soldat fidèle
67%
L'AUBE voisine l'Hérault
67%
LE FINISTERE a pour préfecture Brest
33%
L'EURE a une côte sur la Manche
33%
LE DOUBS est le lieu d'origine de l'entreprise Citroën
33%
LA CHARENTE-MARITIME est traversée par 5 fleuves
33%
LA CHARENTE est une région d'élevage de moutons noirs
33%
LA COTE D'OR est voisine de la Marne
33%
LA CORREZE la Corrèze est la plus longue rivière du département
33%
L'ALLIER L'Allier est aussi une commune du département
33%
LE GARD Le Bourget a son siège dans le Gard
33%
LE CHER ne possède pas d'aéroport
33%
LA DORDOGNE on y produit du safran
33%
LES COTES-D'ARMOR s'appelaient Côtes-du-Nord jusqu'en 1962
33%
LE CALVADOS Ste Thérèse de Lisieux y est née
33%
L'AIN touche la Loire
33%
LA CREUSE c'est le département le moins peuplé
0%
L'AISNE L'Aisne est aussi un fleuve
0%
L'ARIEGE voisine un pays étranger
0%
Aucun quiz correspondant
Distribution des résultats
% des personnes avec chaque résultat
Percentile par nombre de réponses
Votre historique - résultats
Vous n’avez pas pris ce quiz